LEADER 01230nam a2200301 a 4500 001 000000127596 003 CaOOAMICUS 005 20120209115746.0 008 120209s2011 it a u000 u ita r 020 $a978-88-250-2676-4 040 $aPUL$bita$dReb 082 04$a225.92 100 1 $aBargellini, Francesco.$0(OLS)http://pul/name/81418 245 10$aPaolo :$btra esegesi e spiritualità /$cFrancesco Bargellini. 260 $aPadova :$bEdizioni Messaggero,$c2011. 300 $a301 p. ;$c24 cm 490 1 $aBibbia e Terra Santa ;$v4 504 $aBibliografia p. 283-295 ed in nota. 630 04$aBiblia.$pN.T.$pPauli epistolae.$0(OLS)http://pul/subject/37973 830 0$aBibbia e Terra Santa ;$v4.$0(OLS)http://pul/title/154639 850 $aPUL 852 $aPUL$W1$xSL Religione 3$y85$m225. 92 BARFR 1$j147637$qDDC 21$B146259$CPULBib$Z2$F146259 $H118119 $82 941 1 $a9 996 $6020$a978-88-250-2676-4$9(OLS)http://pul/number/148911 996 $6082$a225.92$9(OLS)http://pul/classification/453 996 $6245$aPaolo :$btra esegesi e spiritualità$9(OLS)http://pul/title/161247 996 $6260$aPadova :$bEdizioni Messaggero$9(OLS)http://pul/publisher/51217 LEADER 01597nam a2200289 a 4500 001 000000152296 003 CaOOAMICUS 005 20160613181204.0 008 160613s1945 sp af u000 u spa r 032 $aLibriCat 040 $aPUL$bita 100 1 $aMuzquiz de Miguel, Jose? Luis?.$0(OLS)http://pul/name/96957 245 13$aEl conde de Chinchon virrey del Peru? /$cJosé Luis Muzquiz de Miguel. 260 $aMadrid :$bEstades,$c1945. 300 $a334 p. :$bill., tav. ;$c24 cm. 490 1 $aPublicaciones de la Escuela de Estudios Hispano-Americanos de la Universidad de Sevilla ;$v5 500 $aSulla coperta: Consejo superior de investigaciones cientificas, Escuela de estudios hispano-americanos de la Universidad de Sevilla. 651 4$aAmerica Latina$xColonizzazione.$0(OLS)http://pul/subject/27488 710 2 $aConsejo superior de investigaciones científicas.$bEscuela de Estudios Hispano-Americanos de la Universidad de Sevilla.$0(OLS)http://pul/name/96951 830 0$aPublicaciones de la Escuela de Estudios Hispano-Americanos de la Universidad de Sevilla.$nSerie 2a,$pMonografías ;$v5.$0(OLS)http://pul/title/19865 850 $aPUL 852 $aPUL$W1$xDP1 Cons. Gen., Altre Classi 1$y22$m933 G 18$j175055$qStampati$B177610$CPULBib$Z2$F177610 $H11276 $81 941 1 $a8 961 $aTimbri: Supremum Hispaniae Consilium Scientiis Pervestigandis D.D. 996 $6245$aEl conde de Chinchon virrey del Peru?$9(OLS)http://pul/title/191695 996 $6260$aMadrid :$bEstades$9(OLS)http://pul/publisher/85060